000 00472nam a2200193Ia 4500
003 GCL
008 140319s9999 xx 000 0 eng d
040 _aGCL /
_cGCL
082 0 4 _aCH
_b843
_bD L
100 1 _aDAUDET, ALPHONSE
245 1 0 _aLES LETTERS DE MON MOULIN /
_cDAUDET, ALPHONSE
260 _a[S.N] :
_bHEMMA
300 _a156 P
650 0 4 _aLITERATURE
650 0 4 _aFICTION
650 0 4 _aFRENCH FICTION
650 0 4 _aCHILDREN - FICTION
942 _2ddc
_cBK
999 _c14624
_d14624